000 00548nam a2200181Ia 4500
003 GCL
008 140319s9999 xx 000 0 ara d
040 _aGCL /
_cGCL
082 0 4 _a953
_bح م
100 1 _aحمدى الطاهرى
245 1 0 _aالموسوعة العربية : مشكلات العالم العربى ج2 /
_cحمدى الطاهرى
300 _a489 ص
490 _a
650 0 4 _aالاتفاقيات الدولية
650 0 4 _aالعالم العربى
650 0 4 _aالمنازعات الدولية
942 _2ddc
_cBK
999 _c41981
_d41981